000 00293nam a2200121Ia 4500
008 190216s9999||||xx |||||||||||||| ||und||
100 _aKapur J N And Saxena H C
245 0 _aMathematical Statistics`
260 _bS Chand & Co
_c1989
300 _a659p
650 _aMathematics
942 _cBK
999 _c30832
_d30832